[Event "St Petersburg Korchnoi Memorial op"]
[Site "St Petersburg"]
[Date "2024.08.17"]
[Round "2"]
[White "Zakhartsov, Vladimir"]
[Black "Dobshinov, Vladislav"]
[Result "1-0"]
[WhiteElo "2494"]
[BlackElo "1992"]
[PlyCount "73"]
[EventDate "2024.08.17"]
[EventType "swiss"]
[EventRounds "9"]
[EventCountry "RUS"]
[SourceTitle "CBM 221 Extra"]
[Source "ChessBase"]
[SourceDate "2024.09.30"]
[SourceVersion "1"]
[SourceVersionDate "2024.09.30"]
[SourceQuality "1"]

1. c4 Nf6 2. Nc3 g6 3. e4 d6 4. d4 Bg7 5. h3 0-0 6. Be3 e5 7. d5 Nbd7 8. g4 Nc5 9. f3 Ne8 10. h4 f5 11. g5 f4 12. Bf2 Rf7 13. b4 Nd7 14. c5 Nf8 15. Bc4 h6 16. gxh6 Bf6 17. c6 b6 18. a4 a5 19. bxa5 Rxa5 20. Nge2 Rh7 21. Kd2 Rxh6 22. Qe1 Nh7 23. Kc2 Kf8 24. Nb5 Qe7 25. Nc1 Qg7 26. Nb3 Ra8 27. a5 bxa5 28. Rxa5 Rb8 29. Qa1 g5 30. Ra8 Rxa8 31. Qxa8 g4 32. Qxc8 g3 33. Ba7 Bxh4 34. Nd2 Ng5 35. Bb8 g2 36. Rg1 Nh3 37. Nxc7 1-0

[Event "Cheliabinsk Panchenko Memorial op-A"]
[Site "Cheliabinsk"]
[Date "2020.09.09"]
[Round "3"]
[White "Skatchkov, Valery"]
[Black "Dobshinov, Vladislav"]
[Result "1-0"]
[WhiteElo "2242"]
[BlackElo "1819"]
[PlyCount "71"]
[EventDate "2020.09.07"]
[EventType "swiss"]
[EventRounds "9"]
[EventCountry "RUS"]
[SourceTitle "CBM 198 Extra"]
[Source "ChessBase"]
[SourceDate "2020.11.30"]
[SourceVersion "1"]
[SourceVersionDate "2020.11.30"]
[SourceQuality "1"]

1. d4 Nf6 2. c4 g6 3. Nf3 Bg7 4. Nc3 0-0 5. g3 d6 6. Bg2 Nbd7 7. 0-0 e5 8. e4 exd4 9. Nxd4 Re8 10. Re1 Nc5 11. h3 Bd7 12. Bf4 Qc8 13. Kh2 a6 14. Qd2 Ne6 15. Be3 Rb8 16. Rac1 b5 17. cxb5 axb5 18. Nxe6 Bxe6 19. Bd4 Qa6 20. Nd5 Bxd5 21. exd5 Rxe1 22. Rxe1 b4 23. Re7 Qc4 24. Kg1 Nxd5 25. Re4 Qb5 26. Bxg7 Kxg7 27. Qd4+ Nf6 28. Re7 Qb6 29. Qc4 Rf8 30. Rxc7 d5 31. Rc6 Qa7 32. Qxb4 Re8 33. Rd6 Qxa2 34. Qd4 Qb1+ 35. Kh2 Qf5 36. Rxd5 1-0